[Event "CYCC U10"]
[Site "Kapuskasing CAN"]
[Date "2004.07.09"]
[Round "7"]
[White "Calugar, Arthur"]
[Black "Nadeau, Emmanuel"]
[Result "1-0"]
[WhiteElo "1729"]
[BlackElo "1246"]
[PlyCount "102"]
[GameId "2160767911095800"]
[EventDate "2004.07.06"]
[EventType "swiss"]
[EventRounds "7"]
[EventCountry "CAN"]
[SourceTitle "EXT 2006"]
[Source "ChessBase"]
[SourceDate "2005.11.24"]
[SourceVersion "1"]
[SourceVersionDate "2005.11.24"]
[SourceQuality "1"]

1. e4 e5 2. Nf3 Nc6 3. Bb5 Nf6 4. O-O Bc5 5. c3 d6 6. d4 exd4 7. cxd4 Bb6 8. d5 Bd7 9. dxc6 bxc6 10. Bd3 O-O 11. Bg5 h6 12. Bh4 Re8 13. Nc3 Bg4 14. h3 Bh5 15. Bc2 Rb8 16. Qd3 Bg6 17. Qc4 Bc5 18. Bb3 Qe7 19. a3 Bxe4 20. Nxe4 d5 21. Qxc5 dxe4 22. Qxe7 Rxe7 23. Nd2 Rd7 24. Rad1 Rxd2 25. Rxd2 Rxb3 26. Bxf6 gxf6 27. Rd7 Rb7 28. Rfd1 Kg7 29. Re7 a5 30. Rdd7 Kg6 31. Rxc7 Rb6 32. Rxe4 Rxb2 33. Rxc6 Rb3 34. Ra4 h5 35. Rxa5 Rb1+ 36. Kh2 Ra1 37. Ra8 Kg7 38. a4 Ra2 39. a5 Rxf2 40. a6 Ra2 41. a7 Ra4 42. Rc7 Rxa7 43. Raxa7 Kg6 44. Rxf7 f5 45. Rg7+ Kf6 46. Rh7 Kg5 47. Rag7+ Kf4 48. Rxh5 Ke4 49. Rxf5 Kxf5 50. h4 Kf6 51. Rg3 Ke7 1-0

[Event "CYCC U10"]
[Site "Kapuskasing CAN"]
[Date "2004.07.09"]
[Round "7"]
[White "Farrant-Diaz, Nathan"]
[Black "Dallaire, Deric"]
[Result "1-0"]
[WhiteElo "1081"]
[BlackElo "1088"]
[PlyCount "35"]
[GameId "2160767911095801"]
[EventDate "2004.07.06"]
[EventType "swiss"]
[EventRounds "7"]
[EventCountry "CAN"]

1. e4 e5 2. Nf3 Nc6 3. Bc4 Qe7 4. Nc3 Nf6 5. O-O Qc5 6. d3 Na5 7. Be3 Qc6 8. Bb5 Qd6 9. Ba4 Ng4 10. Nb5 Qc6 11. Nc3 Qf6 12. Nd5 Qd8 13. Bd2 b6 14. b4 Nb7 15. h3 Nh6 16. Nxe5 f6 17. Bxh6 gxh6 18. Qh5# 1-0

[Event "CYCC U10"]
[Site "Kapuskasing CAN"]
[Date "2004.07.09"]
[Round "7"]
[White "Gladstone, Simon"]
[Black "Dawson, Michael"]
[Result "1/2-1/2"]
[WhiteElo "1186"]
[BlackElo "1252"]
[PlyCount "66"]
[GameId "2160767911095802"]
[EventDate "2004.07.06"]
[EventType "swiss"]
[EventRounds "7"]
[EventCountry "CAN"]

1. e4 e6 2. d4 d5 3. Nd2 c5 4. exd5 exd5 5. Nb1 Nc6 6. Nf3 Bg4 7. dxc5 Bxc5 8. Nc3 Bb4 9. Bd2 Bxc3 10. Bxc3 f6 11. Be2 Nge7 12. O-O O-O 13. Nd4 Bxe2 14. Qxe2 Re8 15. Ne6 Qd7 16. Nc5 Qc7 17. Qe6+ Kh8 18. Bxf6 Ng6 19. Bxg7+ Qxg7 20. Qxd5 Nf4 21. Qf3 Rg8 22. g3 Nd4 23. Qxb7 Qxb7 24. Nxb7 Nxc2 25. Rad1 Ne6 26. Rd7 Rg7 27. Rfd1 Ncd4 28. Rxg7 Kxg7 29. Kg2 Rb8 30. Nc5 Nxc5 31. Rxd4 Rxb2 32. Rc4 Ne6 33. Ra4 Rb7 1/2-1/2

[Event "CYCC U10"]
[Site "Kapuskasing CAN"]
[Date "2004.07.09"]
[Round "7"]
[White "Kaufman, Elliot"]
[Black "Zubac, Michael"]
[Result "0-1"]
[WhiteElo "1073"]
[BlackElo "1134"]
[PlyCount "50"]
[GameId "2160767911095804"]
[EventDate "2004.07.06"]
[EventType "swiss"]
[EventRounds "7"]
[EventCountry "CAN"]

1. e4 e5 2. Nf3 Nc6 3. d4 exd4 4. Bc4 Be7 5. Bf4 Nf6 6. e5 Ng4 7. Qe2 Bc5 8. h3 Nh6 9. Bg5 Be7 10. Bxh6 gxh6 11. Qd2 Bb4 12. c3 dxc3 13. Qxh6 cxb2+ 14. Ke2 bxa1=Q 15. Qg7 Qxa2+ 16. Nbd2 Qxc4+ 17. Nxc4 Rf8 18. Ng5 Bc3 19. Nxh7 Qe7 20. Nf6+ Kd8 21. Kd3 Bxe5 22. Re1 Bxf6 23. Qh6 Nb4+ 24. Kd2 Bg5+ 25. f4 Bxh6 0-1

[Event "CYCC U10"]
[Site "Kapuskasing CAN"]
[Date "2004.07.09"]
[Round "7"]
[White "Kieu, Marc-Andre"]
[Black "Rozybakiyev, Ilchin"]
[Result "1-0"]
[WhiteElo "1421"]
[BlackElo "1236"]
[PlyCount "69"]
[GameId "2160767911095805"]
[EventDate "2004.07.06"]
[EventType "swiss"]
[EventRounds "7"]
[EventCountry "CAN"]

1. e4 c5 2. Nf3 Nc6 3. d4 cxd4 4. Nxd4 e5 5. Nb5 d6 6. c4 Be7 7. b3 Nf6 8. N1c3 a6 9. Na3 Be6 10. Be2 O-O 11. O-O Ne8 12. Nc2 f5 13. Ne3 f4 14. Ned5 Nd4 15. Bf3 g5 16. h3 Ng7 17. Bb2 Nxf3+ 18. Qxf3 h5 19. Ba3 g4 20. hxg4 hxg4 21. Qd3 Ne8 22. Rad1 f3 23. g3 Bxd5 24. Nxd5 Rf7 25. Rd2 Qd7 26. Rfd1 Qe6 27. Ne3 Nc7 28. Nf5 Rd8 29. Qe3 Rh7 30. Bxd6 Bxd6 31. Qg5+ Kf7 32. Qxd8 Qg6 33. Rxd6 Qh5 34. Qxc7+ Ke8 35. Rd8# 1-0

[Event "CYCC U10"]
[Site "Kapuskasing CAN"]
[Date "2004.07.09"]
[Round "7"]
[White "Xiong, Jerry"]
[Black "Sithamparapillai, Arjun"]
[Result "1-0"]
[WhiteElo "1504"]
[BlackElo "1060"]
[PlyCount "75"]
[GameId "2160767911095806"]
[EventDate "2004.07.06"]
[EventType "swiss"]
[EventRounds "7"]
[EventCountry "CAN"]

1. e4 e6 2. d4 d5 3. exd5 exd5 4. c4 dxc4 5. Bxc4 Nc6 6. Nf3 Bg4 7. Be3 Bb4+ 8. Nc3 Nf6 9. O-O Bxf3 10. Qxf3 O-O 11. Rad1 Na5 12. Bd3 Bd6 13. Bg5 Be7 14. Bxf6 Bxf6 15. Qh5 g6 16. Qxa5 b6 17. Qd5 Qxd5 18. Nxd5 Bxd4 19. Be4 c6 20. Ne7+ Kh8 21. Rxd4 c5 22. Bxa8 cxd4 23. Bc6 Rd8 24. Rd1 d3 25. Kf1 Rd6 26. Bb5 d2 27. Nc6 a6 28. Bxa6 Rxc6 29. Rxd2 Kg7 30. Ke2 Rc5 31. b3 Kf8 32. Bd3 Ke7 33. Rc2 Ra5 34. Rc7+ Kf8 35. a4 Rh5 36. h3 Re5+ 37. Kd2 Rd5 38. Kc3 1-0

[Event "CYCC U10 w"]
[Site "Kapuskasing CAN"]
[Date "2004.07.06"]
[Round "1"]
[White "Arseneau, Severine"]
[Black "Valeriote, Alexandra"]
[Result "0-1"]
[WhiteElo "697"]
[BlackElo "836"]
[PlyCount "82"]
[GameId "2160767911095807"]
[EventDate "2004.07.06"]
[EventType "swiss"]
[EventRounds "7"]
[EventCountry "CAN"]
[SourceTitle "EXT 2006"]
[Source "ChessBase"]
[SourceDate "2005.11.24"]
[SourceVersion "1"]
[SourceVersionDate "2005.11.24"]
[SourceQuality "1"]

1. e4 e5 2. Nf3 Nc6 3. d4 f6 4. d5 Na5 5. Nc3 Bb4 6. Bd2 c6 7. Bd3 cxd5 8. exd5 Bxc3 9. Bxc3 Ne7 10. O-O Nxd5 11. Bxa5 Qxa5 12. Re1 d6 13. Be4 Be6 14. Bxd5 Bxd5 15. Qd2 Qxd2 16. Nxd2 O-O 17. Rad1 Rad8 18. Ne4 Bxe4 19. Rxe4 d5 20. Rb4 b6 21. Rb5 d4 22. h3 Rfe8 23. g3 e4 24. Rb3 g5 25. f3 f5 26. g4 exf3 27. gxf5 Re2 28. Kf1 Rxc2 29. a4 h5 30. Rb5 g4 31. hxg4 hxg4 32. a5 bxa5 33. Rxa5 Rxb2 34. Rxa7 g3 35. Ra4 g2+ 36. Kg1 d3 37. Rf4 Re2 38. Rxf3 d2 39. Rg3+ Kf7 40. Kh2 Rh8+ 41. Rh3 g1=Q+ 0-1

[Event "CYCC U10 w"]
[Site "Kapuskasing CAN"]
[Date "2004.07.06"]
[Round "1"]
[White "Frenette, Carolyne"]
[Black "Orlova, Yelizaveta"]
[Result "0-1"]
[WhiteElo "505"]
[BlackElo "1108"]
[PlyCount "76"]
[GameId "2160767911095808"]
[EventDate "2004.07.06"]
[EventType "swiss"]
[EventRounds "7"]
[EventCountry "CAN"]
[SourceTitle "EXT 2006"]
[Source "ChessBase"]
[SourceDate "2005.11.24"]
[SourceVersion "1"]
[SourceVersionDate "2005.11.24"]
[SourceQuality "1"]

1. e4 c5 2. Nf3 d6 3. Bc4 Nf6 4. O-O g6 5. Ng5 e6 6. d3 Bg7 7. Nc3 O-O 8. Be3 d5 9. Bb3 d4 10. Bd2 dxc3 11. Bxc3 b5 12. e5 Nfd7 13. Qf3 Nb6 14. Ba5 N8d7 15. Qc6 Rb8 16. Qxb5 Qxg5 17. f4 Qe7 18. Rfe1 Nd5 19. Qc4 N7b6 20. Qe4 Bb7 21. c4 Nb4 22. Qe2 Rfd8 23. Rad1 Nc6 24. Bc3 Nd4 25. Qe3 Nxb3 26. axb3 Qc7 27. Qg3 Qc6 28. Ra1 a6 29. b4 cxb4 30. Bxb4 Rd7 31. Bd6 Rbd8 32. d4 Nc8 33. c5 Nxd6 34. exd6 h5 35. Red1 h4 36. Qf2 h3 37. Qg3 hxg2 38. Qxg2 Qxg2# 0-1

[Event "CYCC U10 w"]
[Site "Kapuskasing CAN"]
[Date "2004.07.06"]
[Round "1"]
[White "Nguyen, Bich-Lan"]
[Black "Arseneau, Josiane"]
[Result "1-0"]
[WhiteElo "923"]
[BlackElo "602"]
[PlyCount "53"]
[GameId "2160767911095809"]
[EventDate "2004.07.06"]
[EventType "swiss"]
[EventRounds "7"]
[EventCountry "CAN"]
[SourceTitle "EXT 2006"]
[Source "ChessBase"]
[SourceDate "2005.11.24"]
[SourceVersion "1"]
[SourceVersionDate "2005.11.24"]
[SourceQuality "1"]

1. e4 e5 2. Nf3 Nc6 3. Nc3 d5 4. exd5 Nce7 5. Bc4 Bg4 6. O-O Nf5 7. h3 Bh5 8. g4 Bg6 9. gxf5 Bxf5 10. Re1 Nf6 11. Rxe5+ Be6 12. dxe6 fxe6 13. Rxe6+ Be7 14. d4 O-O 15. Rd6+ Rf7 16. Rxd8+ Rxd8 17. Bxf7+ Kxf7 18. Bg5 Nd5 19. Nxd5 Bxg5 20. Nxg5+ Kg6 21. c4 Re8 22. f4 Rf8 23. Qd3+ Rf5 24. Ne7+ Kf6 25. Qxf5+ Kxe7 26. Qe6+ Kd8 27. Nf7# 1-0

[Event "CYCC U10 w"]
[Site "Kapuskasing CAN"]
[Date "2004.07.06"]
[Round "1"]
[White "Roy, Myriam"]
[Black "Ruiter, Erika"]
[Result "1-0"]
[WhiteElo "985"]
[BlackElo "758"]
[PlyCount "43"]
[GameId "2160767911095810"]
[EventDate "2004.07.06"]
[EventType "swiss"]
[EventRounds "7"]
[EventCountry "CAN"]
[SourceTitle "EXT 2006"]
[Source "ChessBase"]
[SourceDate "2005.11.24"]
[SourceVersion "1"]
[SourceVersionDate "2005.11.24"]
[SourceQuality "1"]

1. e4 Nf6 2. e5 Nd5 3. c4 Nb6 4. d4 d6 5. f4 d5 6. c5 Nc4 7. Nf3 Nc6 8. Nc3 Bg4 9. Be2 e6 10. O-O Bxf3 11. Bxf3 Be7 12. b3 N4a5 13. Be3 O-O 14. Be2 f5 15. Rf3 Nb4 16. Rh3 Bh4 17. Bf1 b6 18. Qh5 Be7 19. Qxh7+ Kf7 20. Be2 Rh8 21. Bh5+ Kf8 22. Qxh8# 1-0

[Event "CYCC U10 w"]
[Site "Kapuskasing CAN"]
[Date "2004.07.06"]
[Round "2"]
[White "Arseneau, Josiane"]
[Black "Frenette, Carolyne"]
[Result "0-1"]
[WhiteElo "602"]
[BlackElo "505"]
[PlyCount "116"]
[GameId "2160767911095811"]
[EventDate "2004.07.06"]
[EventType "swiss"]
[EventRounds "7"]
[EventCountry "CAN"]
[SourceTitle "EXT 2006"]
[Source "ChessBase"]
[SourceDate "2005.11.24"]
[SourceVersion "1"]
[SourceVersionDate "2005.11.24"]
[SourceQuality "1"]

1. e4 e5 2. Nf3 Nc6 3. d4 d6 4. Bb5 Bg4 5. Bg5 Nf6 6. O-O Be7 7. Nc3 O-O 8. Re1 Bxf3 9. Qxf3 Nxd4 10. Be3 Nxf3+ 11. gxf3 d5 12. exd5 Nxd5 13. Nxd5 Qxd5 14. Be2 Bd6 15. Rad1 Qe6 16. b3 e4 17. Bc4 Qh3 18. fxe4 Qxh2+ 19. Kf1 Qh1+ 20. Ke2 Qxe4 21. Bd3 Qe7 22. Rh1 h6 23. Kd2 Bc5 24. b4 Bxe3+ 25. fxe3 Qxb4+ 26. c3 Qb2+ 27. Bc2 Rfd8+ 28. Ke2 Qxc2+ 29. Kf3 Qxc3 30. Rc1 Qf6+ 31. Ke2 Re8 32. Rhd1 Rad8 33. Rxc7 Rxd1 34. Kxd1 Qb2 35. Rc2 Qb1+ 36. Kd2 Rxe3 37. Rc8+ Kh7 38. Kxe3 Qxa2 39. Rb8 Qa3+ 40. Kf4 Qd6+ 41. Ke4 Qxb8 42. Kd4 Qc7 43. Kd3 Qc5 44. Ke4 f5+ 45. Kf4 Qd5 46. Ke3 g5 47. Kf2 g4 48. Kg3 Qe4 49. Kh4 Kg6 50. Kg3 Kh5 51. Kf2 f4 52. Kg1 g3 53. Kf1 g2+ 54. Kg1 f3 55. Kh2 f2 56. Kh3 f1=Q 57. Kg3 Qef4+ 58. Kh3 Qh1# 0-1

[Event "CYCC U10 w"]
[Site "Kapuskasing CAN"]
[Date "2004.07.06"]
[Round "2"]
[White "Botez, Alexandra"]
[Black "Nguyen, Bich-Lan"]
[Result "1-0"]
[WhiteElo "1272"]
[BlackElo "923"]
[PlyCount "108"]
[GameId "2160767911095812"]
[EventDate "2004.07.06"]
[EventType "swiss"]
[EventRounds "7"]
[EventCountry "CAN"]
[SourceTitle "EXT 2006"]
[Source "ChessBase"]
[SourceDate "2005.11.24"]
[SourceVersion "1"]
[SourceVersionDate "2005.11.24"]
[SourceQuality "1"]

1. Nf3 d5 2. c4 dxc4 3. Nc3 Nc6 4. e4 e5 5. Bxc4 Be7 6. d3 Nf6 7. Be3 Be6 8. Bb5 Bd6 9. Bxc6+ bxc6 10. O-O O-O 11. h3 Qd7 12. Ng5 c5 13. Nxe6 fxe6 14. b3 Rf7 15. Rc1 Rd8 16. Na4 a6 17. Bxc5 Bxc5 18. Nxc5 Qb5 19. a4 Qb6 20. Qc2 Rd6 21. Qb2 Nd7 22. Nxd7 Rfxd7 23. Rfd1 Rxd3 24. Rxd3 Rxd3 25. Qxe5 Qd6 26. Qxd6 cxd6 27. Rc6 Rxb3 28. Rxd6 Rb4 29. Rxa6 Rxe4 30. Ra8+ Kf7 31. a5 Ra4 32. Kf1 e5 33. a6 h6 34. a7 Kg6 35. Ke2 Kg5 36. g3 Kg6 37. Kd3 Kf7 38. Kc3 Ke7 39. Kb3 Ra1 40. Kc4 Kd7 41. Kd5 Ra5+ 42. Ke4 Kc7 43. Rg8 Kb7 44. Rxg7+ Ka8 45. g4 Ra3 46. h4 Rh3 47. h5 Rh2 48. f3 Re2+ 49. Kf5 Re3 50. g5 Rxf3+ 51. Kxe5 hxg5 52. h6 Rh3 53. h7 g4 54. Rg8+ Kxa7 1-0

[Event "CYCC U10 w"]
[Site "Kapuskasing CAN"]
[Date "2004.07.06"]
[Round "2"]
[White "Orlova, Yelizaveta"]
[Black "Roy, Myriam"]
[Result "1-0"]
[WhiteElo "1108"]
[BlackElo "985"]
[PlyCount "51"]
[GameId "2160767911095813"]
[EventDate "2004.07.06"]
[EventType "swiss"]
[EventRounds "7"]
[EventCountry "CAN"]
[SourceTitle "EXT 2006"]
[Source "ChessBase"]
[SourceDate "2005.11.24"]
[SourceVersion "1"]
[SourceVersionDate "2005.11.24"]
[SourceQuality "1"]

1. e4 c5 2. Nc3 d6 3. g3 Nc6 4. Bg2 g6 5. d3 Bg7 6. Be3 Nf6 7. h3 O-O 8. Qd2 Re8 9. Bh6 Bh8 10. h4 Bg4 11. f3 Bd7 12. h5 Qb6 13. Rb1 Be6 14. a3 Na5 15. Nge2 c4 16. Na4 Qa6 17. hxg6 hxg6 18. f4 cxd3 19. cxd3 Nb3 20. Qb4 Qxd3 21. Rd1 Qe3 22. f5 Ng4 23. Bxe3 Nxe3 24. Rxh8+ Kxh8 25. Qc3+ Kg8 26. Qxe3 1-0

[Event "CYCC U10 w"]
[Site "Kapuskasing CAN"]
[Date "2004.07.06"]
[Round "2"]
[White "Ruiter, Erika"]
[Black "Arseneau, Severine"]
[Result "0-1"]
[WhiteElo "758"]
[BlackElo "697"]
[PlyCount "158"]
[GameId "2160767911095814"]
[EventDate "2004.07.06"]
[EventType "swiss"]
[EventRounds "7"]
[EventCountry "CAN"]
[SourceTitle "EXT 2006"]
[Source "ChessBase"]
[SourceDate "2005.11.24"]
[SourceVersion "1"]
[SourceVersionDate "2005.11.24"]
[SourceQuality "1"]

1. e4 e5 2. d4 exd4 3. Nf3 Nc6 4. Nxd4 Nxd4 5. Qxd4 c6 6. Qe5+ Be7 7. Qf4 d5 8. Nc3 dxe4 9. Nxe4 Nf6 10. Nxf6+ Bxf6 11. Qe3+ Be6 12. Bc4 Qd6 13. Bxe6 Qxe6 14. Qxe6+ fxe6 15. O-O O-O 16. Re1 Rfe8 17. Re3 Rad8 18. h3 b5 19. Rg3 Rd7 20. Bh6 Red8 21. Bg5 Bxg5 22. Rxg5 Rd5 23. Rxd5 cxd5 24. b3 e5 25. Rc1 e4 26. c4 bxc4 27. bxc4 d4 28. c5 e3 29. fxe3 dxe3 30. c6 e2 31. c7 Rc8 32. Kf2 Kf7 33. Kxe2 Ke7 34. Kd3 Kd7 35. Rf1 Kd6 36. Rf7 Rxc7 37. Rxc7 Kxc7 38. Ke4 Kd7 39. Kf5 Ke7 40. g4 g6+ 41. Kg5 Kf7 42. h4 a5 43. h5 gxh5 44. gxh5 Kg7 45. h6+ Kg8 46. Kf6 Kh8 47. Kf7 a4 48. Kf8 a3 49. Ke7 Kg8 50. Kf6 Kf8 51. Kg5 Kf7 52. Kh5 Kf6 53. Kg4 Kg6 54. Kh3 Kxh6 55. Kh2 Kg5 56. Kh1 h5 57. Kh2 Kg4 58. Kh1 Kf3 59. Kh2 Kf2 60. Kh1 Ke2 61. Kh2 Kd2 62. Kg1 Kc2 63. Kf1 Kb2 64. Ke1 Kxa2 65. Kd2 Kb2 66. Kd1 a2 67. Ke2 a1=Q 68. Kf3 Qe1 69. Kf4 Qg1 70. Kf3 h4 71. Kf4 h3 72. Ke5 h2 73. Ke4 h1=Q+ 74. Kf4 Qgg2 75. Kf5 Qh4 76. Ke5 Qgg5+ 77. Ke6 Qhh6+ 78. Kf7 Qgg7+ 79. Ke8 Qhh8# 0-1

[Event "CYCC U10 w"]
[Site "Kapuskasing CAN"]
[Date "2004.07.06"]
[Round "2"]
[White "Valeriote, Alexandra"]
[Black "Greene, Bianca"]
[Result "1-0"]
[WhiteElo "836"]
[BlackElo "794"]
[PlyCount "57"]
[GameId "2160767911095815"]
[EventDate "2004.07.06"]
[EventType "swiss"]
[EventRounds "7"]
[EventCountry "CAN"]
[SourceTitle "EXT 2006"]
[Source "ChessBase"]
[SourceDate "2005.11.24"]
[SourceVersion "1"]
[SourceVersionDate "2005.11.24"]
[SourceQuality "1"]

1. e4 Nf6 2. Nc3 a5 3. Nf3 Ra6 4. Bxa6 bxa6 5. O-O Nc6 6. d3 Nb4 7. Bg5 h5 8. Bxf6 Rh6 9. Bg5 Rg6 10. b3 f6 11. Be3 Bb7 12. Nh4 Rg4 13. g3 c6 14. a3 Qc7 15. axb4 Qe5 16. Bd2 g5 17. Nf3 Qb8 18. h3 Rf4 19. gxf4 gxf4 20. bxa5 e6 21. Nd4 e5 22. Nf5 d6 23. Qxh5+ Kd8 24. Qh8 Kd7 25. Qh7+ Ke6 26. Ne2 d5 27. exd5+ Kxd5 28. c4+ Kc5 29. b4# 1-0

[Event "CYCC U10 w"]
[Site "Kapuskasing CAN"]
[Date "2004.07.07"]
[Round "3"]
[White "Arseneau, Josiane"]
[Black "Ruiter, Erika"]
[Result "0-1"]
[WhiteElo "602"]
[BlackElo "758"]
[PlyCount "114"]
[GameId "2160767911095817"]
[EventDate "2004.07.06"]
[EventType "swiss"]
[EventRounds "7"]
[EventCountry "CAN"]
[SourceTitle "EXT 2006"]
[Source "ChessBase"]
[SourceDate "2005.11.24"]
[SourceVersion "1"]
[SourceVersionDate "2005.11.24"]
[SourceQuality "1"]

1. e4 Nf6 2. e5 Nd5 3. d4 d6 4. Nf3 Nc6 5. Bf4 Nxf4 6. Bb5 Bd7 7. O-O dxe5 8. dxe5 Bg4 9. Bxc6+ bxc6 10. Nc3 Bxf3 11. Qxf3 Qd4 12. Rad1 Qb4 13. a3 Qxb2 14. Rb1 Qxc2 15. Rfc1 Qf5 16. Re1 g6 17. Qxc6+ Qd7 18. Qxd7+ Kxd7 19. Red1+ Ke8 20. Nb5 Rc8 21. Rbc1 Ne2+ 22. Kf1 Nxc1 23. Rxc1 Kd7 24. Rd1+ Kc6 25. Nxa7+ Kb7 26. Nxc8 Kxc8 27. Ra1 e6 28. a4 Bb4 29. Rb1 Bd2 30. Ke2 Rd8 31. Rb2 Ba5 32. Rb5 Rd2+ 33. Kf1 Rd1+ 34. Ke2 Rd2+ 35. Ke1 Rd5+ 36. Ke2 Rxb5 37. axb5 Kb7 38. Kf3 c6 39. bxc6+ Kxc6 40. Kg4 Kd5 41. Kf4 Be1 42. f3 Bd2+ 43. Kg4 Kxe5 44. Kh3 h5 45. Kh4 f5 46. g4 Be1+ 47. Kg5 Bd2+ 48. Kxg6 hxg4 49. fxg4 fxg4 50. Kh5 Kf4 51. Kh4 e5 52. Kh5 e4 53. Kh4 e3 54. h3 gxh3 55. Kxh3 e2 56. Kg2 e1=Q 57. Kh3 Qg3# 0-1

[Event "CYCC U10 w"]
[Site "Kapuskasing CAN"]
[Date "2004.07.07"]
[Round "3"]
[White "Frenette, Carolyne"]
[Black "Greene, Bianca"]
[Result "1-0"]
[WhiteElo "505"]
[BlackElo "794"]
[PlyCount "81"]
[GameId "2160767911095818"]
[EventDate "2004.07.06"]
[EventType "swiss"]
[EventRounds "7"]
[EventCountry "CAN"]
[SourceTitle "EXT 2006"]
[Source "ChessBase"]
[SourceDate "2005.11.24"]
[SourceVersion "1"]
[SourceVersionDate "2005.11.24"]
[SourceQuality "1"]

1. e4 Nh6 2. Nf3 e6 3. d3 Ng4 4. Bg5 h5 5. Bxd8 Kxd8 6. Ng5 Ke8 7. Nc3 Rh6 8. Nb5 Ke7 9. Nxc7 a5 10. Nxa8 Rg6 11. Qd2 Kd8 12. Nb6 Bb4 13. c3 Bc5 14. Nxc8 Kxc8 15. d4 Bb6 16. Qf4 f6 17. e5 fxg5 18. Bd3 gxf4 19. Bxg6 Nh6 20. O-O Nc6 21. Rfe1 Ne7 22. Bxh5 a4 23. Re4 g5 24. g3 f3 25. Bxf3 d5 26. Re3 Nhf5 27. Re2 Nc6 28. h4 Ba5 29. hxg5 b5 30. b4 Bb6 31. Bg4 Ng7 32. f4 a3 33. Rh2 Nxb4 34. cxb4 Bxd4+ 35. Kf1 Bxa1 36. Rh7 Nf5 37. Bxf5 exf5 38. g6 Bc3 39. g7 Bxb4 40. g8=Q+ Bf8 41. Qxf8# 1-0

[Event "CYCC U10 w"]
[Site "Kapuskasing CAN"]
[Date "2004.07.07"]
[Round "3"]
[White "Nguyen, Bich-Lan"]
[Black "Arseneau, Severine"]
[Result "1-0"]
[WhiteElo "923"]
[BlackElo "697"]
[PlyCount "109"]
[GameId "2160767911095820"]
[EventDate "2004.07.06"]
[EventType "swiss"]
[EventRounds "7"]
[EventCountry "CAN"]
[SourceTitle "EXT 2006"]
[Source "ChessBase"]
[SourceDate "2005.11.24"]
[SourceVersion "1"]
[SourceVersionDate "2005.11.24"]
[SourceQuality "1"]

1. e4 e5 2. Nf3 Nc6 3. Nc3 Nf6 4. d4 exd4 5. Nxd4 Nxd4 6. Qxd4 d6 7. Bg5 Be7 8. O-O-O O-O 9. e5 dxe5 10. Qxe5 Bd7 11. Nb5 Ng4 12. Qxe7 Nxf2 13. Qxd8 Raxd8 14. Bxd8 Rxd8 15. Rd2 Nxh1 16. Nxc7 a6 17. b4 b5 18. Nxa6 Kf8 19. Bxb5 Ke7 20. Bc4 Ra8 21. Nc5 Bf5 22. b5 g5 23. b6 Be6 24. Re2 h5 25. Bxe6 fxe6 26. Rxe6+ Kd8 27. Rc6 Rb8 28. Na6 Rb7 29. c4 g4 30. c5 h4 31. Rc7 Rxc7 32. bxc7+ Kc8 33. c6 Ng3 34. Kd1 Nf1 35. h3 Ne3+ 36. Ke2 Nxg2 37. hxg4 h3 38. Kf2 Nf4 39. Kg3 h2 40. Kxh2 Nh5 41. g5 Nf4 42. Kg3 Nh5+ 43. Kg4 Nf6+ 44. Kf5 Ng8 45. g6 Ne7+ 46. Kf6 Nxc6 47. g7 Kb7 48. g8=Q Kxa6 49. c8=Q+ Kb6 50. Qb3+ Kc5 51. Qf5+ Kd6 52. Qfe6+ Kc5 53. Qbc4+ Kb6 54. Qexc6+ Ka5 55. Q4b5# 1-0

[Event "CYCC U10 w"]
[Site "Kapuskasing CAN"]
[Date "2004.07.07"]
[Round "3"]
[White "Orlova, Yelizaveta"]
[Black "Botez, Alexandra"]
[Result "0-1"]
[WhiteElo "1108"]
[BlackElo "1272"]
[PlyCount "102"]
[GameId "2160767911095821"]
[EventDate "2004.07.06"]
[EventType "swiss"]
[EventRounds "7"]
[EventCountry "CAN"]
[SourceTitle "EXT 2006"]
[Source "ChessBase"]
[SourceDate "2005.11.24"]
[SourceVersion "1"]
[SourceVersionDate "2005.11.24"]
[SourceQuality "1"]

1. e4 c5 2. Nc3 e6 3. g3 g6 4. Bg2 Bg7 5. d3 Ne7 6. Be3 d6 7. Qd2 f5 8. exf5 Nxf5 9. Nge2 Nxe3 10. fxe3 O-O 11. Rf1 Rxf1+ 12. Kxf1 Nc6 13. Kg1 Bd7 14. Rf1 Qe7 15. Qe1 Rf8 16. Rxf8+ Qxf8 17. Qf2 Qxf2+ 18. Kxf2 b6 19. Ke1 Bh6 20. e4 Ne5 21. h3 Kf7 22. d4 Nc4 23. dxc5 bxc5 24. b3 Ne3 25. Kf2 Nxc2 26. g4 Nd4 27. Ng3 Bd2 28. Nce2 Nxe2 29. Kxe2 Bb4 30. Ke3 a5 31. a4 Kf6 32. Kd3 Ke5 33. Ke3 d5 34. Bh1 c4 35. bxc4 dxc4 36. Ne2 Bxa4 37. Nc1 Bb3 38. Ke2 a4 39. h4 a3 40. Bg2 a2 41. Nxa2 Bxa2 42. Kd1 c3 43. Kc2 Kd4 44. Bf1 Bc4 45. Bxc4 Kxc4 46. h5 e5 47. hxg6 hxg6 48. g5 Kd4 49. Kd1 Kxe4 50. Kc2 Kf3 51. Kc1 e4 0-1

[Event "CYCC U10 w"]
[Site "Kapuskasing CAN"]
[Date "2004.07.07"]
[Round "3"]
[White "Roy, Myriam"]
[Black "Valeriote, Alexandra"]
[Result "1-0"]
[WhiteElo "985"]
[BlackElo "836"]
[PlyCount "65"]
[GameId "2160767911095822"]
[EventDate "2004.07.06"]
[EventType "swiss"]
[EventRounds "7"]
[EventCountry "CAN"]
[SourceTitle "EXT 2006"]
[Source "ChessBase"]
[SourceDate "2005.11.24"]
[SourceVersion "1"]
[SourceVersionDate "2005.11.24"]
[SourceQuality "1"]

1. e4 e5 2. Nf3 Nc6 3. Bc4 Nf6 4. Ng5 d5 5. exd5 Na5 6. Bb5+ c6 7. dxc6 bxc6 8. Be2 h6 9. Nf3 e4 10. Ne5 Bd6 11. Nc4 Nxc4 12. Bxc4 O-O 13. O-O Bg4 14. Be2 Bxe2 15. Qxe2 Re8 16. Nc3 Nd5 17. b3 Qg5 18. Nxd5 cxd5 19. Bb2 Be5 20. Bxe5 Rxe5 21. f4 Qh5 22. g4 Qg6 23. fxe5 Qe6 24. Rf5 g6 25. Rf6 Qxe5 26. Raf1 Qd4+ 27. Qf2 Qxf2+ 28. R1xf2 h5 29. gxh5 gxh5 30. Rxf7 a5 31. R7f5 d4 32. Rg2+ Kh7 33. Rxh5# 1-0

[Event "CYCC U10 w"]
[Site "Kapuskasing CAN"]
[Date "2004.07.07"]
[Round "4"]
[White "Arseneau, Severine"]
[Black "Arseneau, Josiane"]
[Result "1-0"]
[WhiteElo "697"]
[BlackElo "602"]
[PlyCount "33"]
[GameId "2160767911095823"]
[EventDate "2004.07.06"]
[EventType "swiss"]
[EventRounds "7"]
[EventCountry "CAN"]
[SourceTitle "EXT 2006"]
[Source "ChessBase"]
[SourceDate "2005.11.24"]
[SourceVersion "1"]
[SourceVersionDate "2005.11.24"]
[SourceQuality "1"]

1. e4 e5 2. Nf3 Nc6 3. d4 Nf6 4. Nc3 d5 5. dxe5 Nxe5 6. Nxe5 Bb4 7. Bd2 O-O 8. exd5 Nxd5 9. Nxd5 Qxd5 10. Bxb4 Qxe5+ 11. Be2 Bf5 12. Bxf8 Rxf8 13. O-O Qxb2 14. Rb1 Qxa2 15. Rxb7 Rc8 16. Rxc7 Rxc7 17. Qd8# 1-0